Générique Bienvenue chez les Loud - Paroles - Statistiques

Statistiques générales
  • Ce quiz a été pris 958 fois
  • Le résultat moyen est 14 sur 15
Statistiques - réponses
Paroles % Correct
Traverser toute la {maison}
100%
Chez les {Loud}
99%
Bienvenue chez les {Loud}
98%
Des couches qui sentent pas très {bon}
98%
Pour atteindre à temps la {salle} {de} {bain}
98%
Bienvenue chez les {Loud}
96%
Bienvenue chez les {Loud}
96%
Mais j'adore ma grande {famille}
96%
Un gars, dix {filles}
95%
Oui nous c'est comme ça qu'on s'{aime}
92%
Esquiver des filles en {chemin}
90%
Un garçon doit tout {faire}
88%
Pour garder la {raison}
86%
Enjamber du linge en {tas}
70%
Pousse, tire, bouscule ou {freine}
55%
Aucun quiz correspondant
Distribution des résultats
% des personnes avec chaque résultat
Percentile par nombre de réponses
Votre historique - résultats
Vous n’avez pas pris ce quiz